000 00908cam a2200241 4500
001 ABS68766
008 050304n2005 000 0 eng u
035 _a(Sirsi) u128954
100 _aBeardsall, D.
245 _aValue, risk and uncertainty
260 _c2005
490 _aCost Engineer
_v43(1) February 2005, 20-22(3)
520 _aPaper commences with the basic definition of value and considers how uncertainty can be expressed, in addition to setting out a simple method for calculating the resulting probability for the definition of value. With various tables including an illustration of cumulative probabilities for value.
590 _aABS
650 _aVALUE MANAGEMENT
650 _aRISK MANAGEMENT
650 _aUNCERTAINTY
650 _aBS EN 12973: 2000
650 _aWHOLE LIFE COSTS
650 _aCONSTRUCTION PROJECTS
690 _aProject management
_96261
942 _n0
999 _c74887
_d74887